000 00499nam a2200145Ia 4500
008 151213s9999 xx 000 0 und d
100 _aলুৎফর রহমান।
245 _aপারান কথার বেলোয়ারী।
_cলুৎফর রহমান।
260 _aঢাকা
_bজনান্তিক।
_c2000
300 _a8530 p.
650 _aBengali Literature
650 _aBengali Literature
700 _aলুৎফর রহমান।
999 _c4367
_d4367